000 00305nam a22001337a 4500
008 170310b xxu||||| |||| 00| 0 eng d
020 _a1560534028
041 _aeng
080 _22nd
_a616.5
100 _a7
101 _ashm
245 _aDERMATOLOGY SECRETS IN COLOR
_cFITZPATRICK. J.E
942 _2udc
_cBK
999 _c7470
_d7470